| 000 | 00463nam a2200169Ia 4500 | ||
|---|---|---|---|
| 999 |
_c3243 _d3243 |
||
| 003 | GBCCL | ||
| 005 | 20241126110450.0 | ||
| 008 | 171122b xxu||||| |||| 00| 0 eng d | ||
| 040 | _cgbc | ||
| 082 |
_a254.22 _bWAR |
||
| 100 |
_aWarner, Colin P. _96678 |
||
| 245 |
_aModels of urban church planting : _ba tale of twelve cities |
||
| 260 |
_bMission educational book, _aChennai : _c2004 |
||
| 300 | _a201p. | ||
| 650 |
_achurch planting _96679 |
||
| 942 |
_2ddc _cBK _033 |
||